Statistiques concernant Les mots de la langue française terminés par "tour"

Cliquez ici pour prendre le quiz!

Statistiques générales

  • Ce quiz a été pris 264 fois
  • Le résultat moyen est 7 sur 12

Statistiques - réponses

IndiceMot% Correct
oiseau de proievautour
94%
aux environsalentour
87%
constructiontour
82%
renvoiretour
81%
silhouettecontour
75%
circonférencepourtour
62%
changementdétour
61%
oiseau des palombesautour
60%
parc nationalMercantour
43%
toiletteatour
42%
housseentour
8%
instrument de musiquesantour
1%

Distribution des résultats

Percentile par nombre de réponses

% des personnes avec chaque résultat

Votre développement - résultats

Vous n’avez pas pris ce quiz